Culture Générale - Série 2717 - Statistiques

Statistiques générales
  • Ce quiz a été pris 84 fois
  • Le résultat moyen est 5 sur 10
Statistiques - réponses
Question Réponse % Correct
Qui a composé les Quatre saisons ? Vivaldi
94%
Quel groupe a chanté la chanson Bohemian Rhapsody en 1975 ? Queen
86%
Dans quel pays se trouvent ces villes : Ede - Groningue - Utrecht Pays Bas
75%
De quel pays Kuala Lumpur est-il la capitale ? Malaisie
70%
Dans quel département se trouve le Parc Astèrix inauguré le 30 avril 1989 ? Oise
49%
Qui a réalisé les cinq films de la saga Indiana Jones ? prénom et nom - voir photo Steven Spielberg
49%
Quel était l'instrument de musique préféré de Mstislav Rostropovitch ? violoncelle
47%
C'est le personnage principal et le narrateur du roman "L'Etranger" d'Albert Camus - C'est aussi un vin renommé de Bourgogne (21190) Meursault
30%
De quel pays d'origine (par ses parents) est la chanteuse et actrice américaine Jennifer Lopez ? Porto Rico
17%
Quel pays était appelé Nouvelles-Hébrides jusqu'en 1980 ? Vanuatu
11%
Aucun quiz correspondant
Distribution des résultats
% des personnes avec chaque résultat
Percentile par nombre de réponses
Votre historique - résultats
Vous n’avez pas pris ce quiz